|
|
|
|
| LEADER |
00000nam0a2200000 4500 |
| 001 |
61004 |
| 005 |
20231101211923.0 |
| 035 |
|
|
|a (RuTPU)RU\TPU\book\64514
|
| 090 |
|
|
|a 61004
|
| 100 |
|
|
|a 20040226d1984 k y0rusy50 ca
|
| 101 |
0 |
|
|a rus
|
| 102 |
|
|
|a RU
|
| 105 |
|
|
|a a z 001zy
|
| 200 |
1 |
|
|a Петрофизическая характеристика эндогенных месторождений
|f Г. А. Соловьев
|
| 210 |
|
|
|a Москва
|c Недра
|d 1984
|
| 215 |
|
|
|a 161 с.
|c ил.
|
| 316 |
|
|
|5 63413507: КР-7555
|a На титульном листе дарственная надпись: "Глубокоуважаемому Леониду Петровичу Рихванову на память 21-VIII-84 Соловьев"
|
| 317 |
|
|
|5 63413507: КР-7555
|a Поступил в НТБ в 2021 г. в дар от семьи профессора ТПУ Л. П. Рихванова
|
| 320 |
|
|
|a Библиогр.: с. 158-159
|
| 330 |
|
|
|a Обобщены материалы по физическим свойствам рудных и рудовмещающих геологических формаций цветных, благородных и редких металлов, являющиеся основой создания физико-геологических моделей месторождений и используемые для качественной и количественной интерпретации геофизических полей. Проанализированы физические свойства минералов, изложены основы петрофизической классификации месторождений с учетом геологического строения их, рассмотрено применение петрофизических исследований для оценки месторождений (молибденовых, вольфрамовых, колчеданных и др.) Для геофизиков и геологов, занимающихся поисками и разведкой рудного и нерудного сырья.
|
| 606 |
1 |
|
|a Рудные месторождения, эндогенные
|2 stltpush
|3 (RuTPU)RU\TPU\subj\26020
|9 50039
|
| 610 |
1 |
|
|a эндогенные образования
|
| 610 |
1 |
|
|a физико-технические свойства
|
| 610 |
1 |
|
|a скарновые месторождения
|
| 610 |
1 |
|
|a жильные месторождения
|
| 610 |
1 |
|
|a колчеданные месторождения
|
| 610 |
1 |
|
|a гидротермальные месторождения
|
| 610 |
1 |
|
|a Библиотека Л. П. Рихванова
|
| 610 |
1 |
|
|a дары библиотеке
|
| 610 |
1 |
|
|a дары автора
|
| 610 |
1 |
|
|a дарственные надписи
|
| 675 |
|
|
|a 553.3/.4.062
|v 3
|
| 700 |
|
1 |
|a Соловьев
|b Г. А.
|g Георгий Александрович
|
| 801 |
|
1 |
|a RU
|b 63413507
|c 20040226
|g PSBO
|
| 801 |
|
2 |
|a RU
|b 63413507
|c 20220530
|g PSBO
|
| 942 |
|
|
|c BK
|